书目信息 |
| 题名: |
中国民族学理论探索与实践
|
|
| 作者: | 宋蜀华 | |
| 分册: | ||
| 出版信息: | 北京 中央民族大学出版社 1999 |
|
| 页数: | 350 | |
| 开本: | 19cm | |
| 丛书名: | ||
| 单 册: | ||
| 中图分类: | C95 | |
| 科图分类: | ||
| 主题词: | 社会科学 | |
| 电子资源: | ||
| ISBN: | 7-81056-045-X | |
| 000 | 00526nam0 2200181 450 | |
| 001 | 0735257515 | |
| 005 | 20070904094737.51 | |
| 010 | @a7-81056-045-X | |
| 100 | @a20070904d km y0chiy0120 ea | |
| 101 | 0 | @achi |
| 200 | 1 | @a中国民族学理论探索与实践@Azhong guo min zu xue li lun tan suo yu shi jian@f宋蜀华@Fsong shu hua |
| 210 | @a北京@c中央民族大学出版社@d1999 | |
| 215 | @a350@c22@d19cm | |
| 606 | 0 | @a社会科学 |
| 690 | @aC95@v3 | |
| 701 | 0 | @a宋蜀华@Asong shu hua |
| 801 | 0 | @aCN@bPFT@c20070904 |
| 905 | @a213230@dC95@ea10@f1 | |
| 中国民族学理论探索与实践/宋蜀华.-北京:中央民族大学出版社,1999 |
| 350:22;19cm |
| ISBN 7-81056-045-X: |
| ● |
| 相关链接 |
|
|
|
|
正题名:中国民族学理论探索与实践
索取号:C95/a10
 
预约/预借
| 序号 | 登录号 | 条形码 | 馆藏地/架位号 | 状态 | 备注 |
| 1 | 7501185 | 275011853 | 密集书库-史法系/ [索取号:C95/a10] | 在馆 |